| 000 | 00374nam a2200109Ia 4500 | ||
|---|---|---|---|
| 008 | 171204s9999 xx 000 0 und d | ||
| 245 | _aEnterprise Level Security: Securing Information Systems in an Uncertain World: | ||
| 245 | _cWilliam R. Simpson | ||
| 260 | _c2016 | ||
| 650 | _xFUNDAMENTALS OF INFORMATION SECURITY | ||
| 856 | _uhttp://down.ebook777.com/048/1498764452.pdf | ||
| 999 |
_c347181 _d347181 |
||